000 00631cam a22002053a 4500
001 39920
003 PGUSA
005 20140828083905.0
008 120605s2012||||xxu|||||s|||||000 | eng d
040 _aPGUSA
_beng
042 _adc
100 1 _aPalmer, Frederick Danby
245 1 0 _aYarmouth Notes :
_b1830-1872. Collected from the File of the Norwich Mercury
_h[electronic resource] /
_cFrederick Danby Palmer
260 _bProject Gutenberg,
_c2012
506 _aPublic domain in the USA.
516 _aElectronic text
830 0 _aProject Gutenberg
_v39920
856 4 0 _uhttp://www.gutenberg.org/ebooks/39920
942 _cEB
999 _c269173
_d269173